Epopeya de las comidas y las bebidas de Chile /

में बचाया:
ग्रंथसूची विवरण
मुख्य लेखक: Rokha, Pablo de, 1894-1968
स्वरूप: अज्ञात
भाषा:Spanish
प्रकाशित: Ciudad de La Habana : Casa de las Américas, [1986].
विषय:
टैग: टैग जोड़ें
कोई टैग नहीं, इस रिकॉर्ड को टैग करने वाले पहले व्यक्ति बनें!

MARC

LEADER 000000000a22000000004500
001 014510
041 0 |a spa 
082 0 4 |a 861.19   |b R742e 
100 1 |a Rokha, Pablo de,   |d 1894-1968. 
245 1 0 |a Epopeya de las comidas y las bebidas de Chile /   |c Pablo de Rokha. 
260 1 |a Ciudad de La Habana :   |b Casa de las Américas,   |c [1986]. 
300 |a 469 páginas ;   |c 19 cm. 
650 4 |a DROGUETT, CARLOS, 1912- 
500 |a Colección George Yúdice 
999 |c 20397  |d 20397 
942 |c BK  |h 861.19 R742e  |2 z